| 000 | 04673cam a2200505 i 4500 | ||
|---|---|---|---|
| 999 |
_c328689 _d328689 |
||
| 001 | 17941258 | ||
| 003 | Nust | ||
| 005 | 20170413154012.0 | ||
| 008 | 131114s2014 nyuaf b 001 0beng | ||
| 010 | _a 2013037029 | ||
| 020 | _a9780804136754 (hardcover) | ||
| 040 |
_aDLC _beng _cDLC _erda _dDLC |
||
| 042 | _apcc | ||
| 043 | _an-us--- | ||
| 050 | 0 | 0 |
_aE887.C55 _bA49 2014 |
| 082 | 0 | 0 |
_a327.730092 _bPAR |
| 084 |
_aBIO010000 _aPOL025000 _2bisacsh |
||
| 100 | 1 |
_aAllen, Jonathan _q(Jonathan J. M.) _eauthor. |
|
| 245 | 1 | 0 |
_aHRC : _bstate secrets and the rebirth of Hillary Clinton / _cJonathan Allen and Amie Parnes. |
| 246 | 3 | _aHillary Rodham Clinton | |
| 246 | 3 | 0 | _aState secrets and the rebirth of Hillary Clinton |
| 250 | _aFirst edition. | ||
| 264 | 1 |
_aNew York : _bCrown Publishers, _c2014 |
|
| 300 |
_a440 pages, 8 unnumbered pages of plates : _billustrations (chiefly color) ; _c25 cm |
||
| 336 |
_atext _2rdacontent |
||
| 337 |
_aunmediated _2rdamedia |
||
| 338 |
_avolume _2rdacarrier |
||
| 504 | _aIncludes bibliographical references (page 429) and index. | ||
| 520 |
_a"The mesmerizing story of Hillary Clinton's political rebirth, based on eyewitness accounts from deep inside her inner circle Hillary Clinton's surprising defeat in the 2008 Democratic primary brought her to the nadir of her political career, vanquished by a much younger opponent whose message of change and cutting-edge tech team ran circles around her stodgy campaign. And yet, six years later, she has reemerged as an even more powerful and influential figure, a formidable stateswoman and the presumed front-runner for the 2016 Democratic presidential nomination, marking one of the great political comebacks in history. The story of Hillary's phoenixlike rise is at the heart of HRC, a riveting political biography that journeys into the heart of "Hillaryland" to discover a brilliant strategist at work. Masterfully unfolded by Politico's Jonathan Allen and The Hill's Amie Parnes from more than two hundred top-access interviews with Hillary's intimates, colleagues, supporters, and enemies, HRC portrays a seasoned operator who negotiates political and diplomatic worlds with equal savvy. Loathed by the Obama team in the wake of the primary, Hillary worked to become the president's greatest ally, their fates intertwined in the work of reestablishing America on the world stage. HRC puts readers in the room with Hillary during the most intense and pivotal moments of this era, as she mulls the president-elect's offer to join the administration, pulls the strings to build a coalition for his war against Libya, and scrambles to deal with the fallout from the terrible events in Benghazi--all while keeping one eye focused on 2016. HRC offers a rare look inside the merciless Clinton political machine, as Bill Clinton handled the messy business of avenging Hillary's primary loss while she tried to remain above the partisan fray. Exploring her friendships and alliances with Robert Gates, David Petraeus, Leon Panetta, Joe Biden, and the president himself, Allen and Parnes show how Hillary fundamentally transformed the State Department through the force of her celebrity and her unparalleled knowledge of how power works in Washington. Filled with deep reporting and Game Change-esque storytelling, this remarkable portrait of the most important female politician in American history is an essential inside look at the woman who may be our next president"-- _cProvided by publisher. |
||
| 520 |
_a"An examination of the strategy behind Hillary Clinton's political revitalization and her comeback in the US and abroad"-- _cProvided by publisher. |
||
| 600 | 1 | 0 | _aClinton, Hillary Rodham. |
| 650 | 0 |
_aWomen presidential candidates _zUnited States _vBiography. |
|
| 650 | 0 |
_aPresidential candidates _zUnited States _vBiography. |
|
| 650 | 0 |
_aWomen cabinet officers _zUnited States _vBiography. |
|
| 650 | 0 |
_aCabinet officers _zUnited States _vBiography. |
|
| 650 | 7 |
_aBIOGRAPHY & AUTOBIOGRAPHY / Political. _2bisacsh |
|
| 650 | 7 |
_aPOLITICAL SCIENCE / Political Process / Leadership. _2bisacsh |
|
| 651 | 0 |
_aUnited States _xPolitics and government _y2009- |
|
| 651 | 0 |
_aUnited States _xForeign relations _y2009- |
|
| 700 | 1 |
_aParnes, Amie, _eauthor. |
|
| 856 | 4 | 2 |
_3Cover image _u9780804136754.jpg |
| 906 |
_a7 _bcbc _corignew _d1 _eecip _f20 _gy-gencatlg |
||
| 942 |
_2ddc _cBK |
||